书目信息 |
| 题名: |
罗马尼亚近代史
|
|
| 作者: | ||
| 分册: | 下册 | |
| 出版信息: | 北京 商务印书馆 1974 |
|
| 页数: | 385-780页 | |
| 开本: | 20cm | |
| 丛书名: | ||
| 单 册: | ||
| 中图分类: | K542 | |
| 科图分类: | ||
| 主题词: | 南欧--历史 | |
| 电子资源: | ||
| ISBN: | ||
| 000 | 00486nam0 2200193 450 | |
| 001 | 0637348781 | |
| 005 | 20061115102611.23 | |
| 010 | @dCNY2.35(二册) | |
| 100 | @a20061115d1974 km y0chiy0120 ea | |
| 101 | 0 | @achi |
| 102 | @aCN@b110000 | |
| 200 | 1 | @a罗马尼亚近代史@Aluo ma ni ya jin dai shi@h下册 |
| 210 | @a北京@c商务印书馆@d1974 | |
| 215 | @a385-780页@d20cm | |
| 300 | @a内部读物 | |
| 606 | 0 | @a南欧@x历史 |
| 690 | @aK542@v3 | |
| 801 | 0 | @aCN@bPFT@c20061115 |
| 905 | @a10447@dK542@e3:2 | |
| 罗马尼亚近代史.下册.-北京:商务印书馆,1974 |
| 385-780页;20cm |
| 内部读物 |
| ISBN :CNY2.35(二册) |
| ● |
| 相关链接 |
|
|
|
|
正题名:罗马尼亚近代史
索取号:K542/3:2
 
预约/预借
| 序号 | 登录号 | 条形码 | 馆藏地/架位号 | 状态 | 备注 |
| 1 | 0218831 | 001395733 | 第二样本阅览室/ [索取号:K542/3:2] | 在馆 |